| 000 | 00903cab a2200217 4500 | ||
|---|---|---|---|
| 001 | ABS49757 | ||
| 008 | 090401t1993 xxu||||| |||| 00| 0 eng d | ||
| 035 | _a(Sirsi) u72660 | ||
| 041 | _aeng | ||
| 245 | _aOssory Road (Skelmersdale) Ltd v Balfour Beatty Building Ltd & others | ||
| 260 | _c1993 | ||
| 350 | _a0 | ||
| 490 |
_aConstruction Industry Law Letter _v(1993) CILL 882-884(3) |
||
| 520 | _a17 June 1993. B contracted under JCT 1980 to build a retail development and car park for O. Work was set back by fire damage and dispute arose over contractual liabilities and insurance. "Held" that B had no liability for damage although it had been caused by their negligence, and indeed, were entitled to reinstatement costs. | ||
| 650 | _aDOM/1 | ||
| 650 | _aDUTY OF CARE | ||
| 650 | _aJCT 1980 CL22.C.1 | ||
| 690 | _aBUILDING AND CONSTRUCTION-CASE LAW | ||
| 942 | _n0 | ||
| 948 | _c04/03/1997 | ||
| 999 |
_c45930 _d45930 |
||